Central Library OPAC University of Rajshahi

Water in Australia / (Record no. 10787)

MARC details
000 -LEADER
fixed length control field 00873nam a22002771 4500
001 - CONTROL NUMBER
control field 10787
003 - CONTROL NUMBER IDENTIFIER
rucl marc code BD-RjUL
005 - DATE AND TIME OF LATEST TRANSACTION
control field 20211208235021.0
008 - FIXED-LENGTH DATA ELEMENTS--GENERAL INFORMATION
fixed length control field 140125s1967 at ab b 000 0 eng
035 ## - SYSTEM CONTROL NUMBER
System control number (BD-RjUL)10836
040 ## - CATALOGING SOURCE
Original cataloging agency DLC
Transcribing agency DLC
Modifying agency BD-RjUL
Language of cataloging eng
041 ## - LANGUAGE CODE
Language code of text/sound track or separate title eng
082 00 - DEWEY DECIMAL CLASSIFICATION NUMBER
Classification number 333.9100994
Author mark and year DUW 1967
100 1# - MAIN ENTRY--PERSONAL NAME
Personal name Dunk, W. P.
9 (RLIN) 33363
245 10 - TITLE STATEMENT
Title Water in Australia /
Statement of responsibility, etc. W. P. Dunk, M. D. Gange [and] S. J. Hutchinson.
250 ## - EDITION STATEMENT
Edition statement Rev. and enl. ed.]
260 ## - PUBLICATION, DISTRIBUTION, ETC. (IMPRINT)
Place of publication, distribution, etc. Melbourne ;
-- Canberra :
Name of publisher, distributor, etc. Cheshire,
Date of publication, distribution, etc. 1967.
300 ## - PHYSICAL DESCRIPTION
Pagination 88 p. :
Illustrations illus., maps, tables. ;
Size 22 cm.
504 ## - BIBLIOGRAPHY, ETC. NOTE
Bibliography, etc Bibliography: p. [88].
650 #0 - SUBJECT ADDED ENTRY--TOPICAL TERM
Topical term or geographic name as entry element Water resources development
Geographic subdivision Australia.
9 (RLIN) 33364
700 1# - ADDED ENTRY--PERSONAL NAME
Personal name Gange, M. D.,
Relator term joint author.
Personal name Hutchinson, S. J.,
Relator term joint author.
942 ## - ADDED ENTRY ELEMENTS (KOHA)
Source of classification or shelving scheme Dewey Decimal Classification
Koha item type Books
Holdings
Lost status Source of classification or shelving scheme Damaged status Not for loan Collection code Permanent Location Current Location Shelving location Date acquired Source of acquisition Total Checkouts Full call number Date last seen Copy number Koha item type
  Dewey Decimal Classification   Not For Loan Non-fiction Central Library, University of Rajshahi Central Library, University of Rajshahi Reading Room 15/09/1973 Govt. of Australia.   333.9100994 DUW 1967 25/01/2014 C-1 Books